<?xml version="1.0" encoding="UTF-8"?>
<record
    xmlns:xsi="http://www.w3.org/2001/XMLSchema-instance"
    xsi:schemaLocation="http://www.loc.gov/MARC21/slim http://www.loc.gov/standards/marcxml/schema/MARC21slim.xsd"
    xmlns="http://www.loc.gov/MARC21/slim">

  <leader>00487nam a2200181Ia 4500</leader>
  <controlfield tag="008">230718s9999    xx            000 0 und d</controlfield>
  <datafield tag="020" ind1=" " ind2=" ">
    <subfield code="a">9788126537976</subfield>
  </datafield>
  <datafield tag="041" ind1=" " ind2=" ">
    <subfield code="a">eng</subfield>
  </datafield>
  <datafield tag="082" ind1=" " ind2=" ">
    <subfield code="a">621.8'15</subfield>
    <subfield code="b">JUV</subfield>
  </datafield>
  <datafield tag="100" ind1=" " ind2=" ">
    <subfield code="a">Juvinall R.C.</subfield>
    <subfield code="9">143930</subfield>
  </datafield>
  <datafield tag="245" ind1=" " ind2=" ">
    <subfield code="a">Machine Component Design</subfield>
  </datafield>
  <datafield tag="250" ind1=" " ind2=" ">
    <subfield code="a">5th ed.</subfield>
  </datafield>
  <datafield tag="260" ind1=" " ind2=" ">
    <subfield code="c">2014</subfield>
    <subfield code="b">Wiley </subfield>
  </datafield>
  <datafield tag="300" ind1=" " ind2=" ">
    <subfield code="a">899</subfield>
  </datafield>
  <datafield tag="365" ind1=" " ind2=" ">
    <subfield code="c">Rs.</subfield>
    <subfield code="b">899.00</subfield>
  </datafield>
  <datafield tag="700" ind1=" " ind2=" ">
    <subfield code="a">Juvinall R.C. &amp; Marshek K.M.</subfield>
    <subfield code="9">189949</subfield>
  </datafield>
  <datafield tag="906" ind1=" " ind2=" ">
    <subfield code="d">O:0510230-May-2016B:2102-May-2016</subfield>
    <subfield code="c">MECH</subfield>
    <subfield code="b">970.92</subfield>
  </datafield>
  <datafield tag="999" ind1=" " ind2=" ">
    <subfield code="c">342107</subfield>
    <subfield code="d">342107</subfield>
  </datafield>
  <datafield tag="952" ind1=" " ind2=" ">
    <subfield code="0">0</subfield>
    <subfield code="1">0</subfield>
    <subfield code="4">0</subfield>
    <subfield code="7">0</subfield>
    <subfield code="a">CCEP</subfield>
    <subfield code="b">CCEP</subfield>
    <subfield code="d">2016-05-30</subfield>
    <subfield code="e">ARM Book Bazar</subfield>
    <subfield code="f">MECH</subfield>
    <subfield code="g">656.27</subfield>
    <subfield code="i">21</subfield>
    <subfield code="l">0</subfield>
    <subfield code="o">621.8'15</subfield>
    <subfield code="p">CCEP-BK-53314</subfield>
    <subfield code="r">2023-07-18 00:00:00</subfield>
    <subfield code="t">970.92</subfield>
    <subfield code="v">899.00</subfield>
    <subfield code="w">2016-05-02</subfield>
    <subfield code="y">BK</subfield>
    <subfield code="z">053314</subfield>
  </datafield>
</record>
